[Event "COL-ch sf"]
[Site "Pereira"]
[Date "2024.03.30"]
[Round "9"]
[White "Ruiz Aguilar, Pablo Alexander"]
[Black "Cano Alcaraz, Juan Jose"]
[Result "1-0"]
[WhiteElo "2162"]
[BlackElo "1858"]
[PlyCount "57"]
[EventDate "2024.03.26"]
[EventType "swiss"]
[EventRounds "11"]
[EventCountry "COL"]
[SourceTitle "CB14_2024"]
[SourceDate "2024.04.01"]
[SourceVersion "1"]
[SourceVersionDate "2024.04.01"]
[SourceQuality "1"]

1. e4 c5 2. Nf3 d6 3. d4 cxd4 4. Nxd4 Nf6 5. Nc3 a6 6. h3 e5 7. Nde2 h5 8. Bg5 Nbd7 9. Nd5 Be7 10. Nxe7 Qxe7 11. Nc3 Nb6 12. Be2 h4 13. 0-0 Bd7 14. a4 Bc6 15. a5 Nbd7 16. Bc4 Nc5 17. Qe2 Ne6 18. Bxe6 Qxe6 19. Rfd1 Rd8 20. Rd2 Rd7 21. Rad1 Kf8 22. Bxf6 Qxf6 23. Nd5 Bxd5 24. Rxd5 Rh6 25. c4 Rc7 26. b4 Kg8 27. b5 Rg6 28. b6 Qg5 29. f4 1-0

[Event "Titled Tuesday intern op 13th Feb Late"]
[Site "Chess.com INT"]
[Date "2024.02.13"]
[Round "1"]
[White "Vlassov, Nikolai"]
[Black "Ruiz Aguilar, Pablo Alexander"]
[Result "1-0"]
[WhiteElo "2299"]
[BlackElo "2162"]
[PlyCount "83"]
[EventDate "2024.02.13"]
[EventType "swiss (blitz)"]
[EventRounds "11"]
[EventCountry "USA"]
[SourceTitle "CB08_2024"]
[SourceDate "2024.02.21"]
[SourceVersion "1"]
[SourceVersionDate "2024.02.21"]
[SourceQuality "1"]

1. e4 c5 2. c3 d5 3. exd5 Qxd5 4. d4 Nf6 5. Nf3 Nc6 6. Be3 cxd4 7. cxd4 e6 8. a3 Be7 9. Nc3 Qd8 10. Qc2 0-0 11. Bd3 Bd7 12. 0-0 Rc8 13. Rad1 h6 14. Qd2 Ng4 15. Bb1 Nxe3 16. fxe3 f5 17. Ba2 Kh7 18. d5 exd5 19. Qxd5 Be8 20. Qe6 Bf7 21. Rxd8 Bxe6 22. Rxf8 Rxf8 23. Bxe6 f4 24. e4 g5 25. b4 Kg7 26. Nd5 Bd8 27. b5 Na5 28. Nd4 Re8 29. Bf5 Nc4 30. Ne6+ Kg8 31. Rc1 Ne3 32. Nxd8 Rxd8 33. Rc7 Nxd5 34. exd5 Kf8 35. Be6 b6 36. Rxa7 Rd6 37. a4 Rd8 38. Kf2 Rd6 39. Kf3 Rd8 40. Ke4 Rd6 41. Ke5 Rd8 42. d6 1-0

[Event "Titled Tuesday intern op 16th Jan Late"]
[Site "Chess.com INT"]
[Date "2024.01.16"]
[Round "11"]
[White "Salman, Ilhan Serhat"]
[Black "Ruiz Aguilar, Pablo Alexander"]
[Result "1-0"]
[WhiteElo "2092"]
[BlackElo "2162"]
[PlyCount "77"]
[EventDate "2024.01.16"]
[EventType "swiss (blitz)"]
[EventRounds "11"]
[EventCountry "USA"]
[SourceTitle "CB04_2024"]
[SourceDate "2023.10.16"]
[SourceVersion "1"]
[SourceVersionDate "2023.10.16"]
[SourceQuality "1"]

1. b3 e5 2. Bb2 Nc6 3. e3 a6 4. Nf3 f5 5. Nxe5 Nf6 6. Nxc6 dxc6 7. Be2 Bd6 8. 0-0 0-0 9. d4 Ne4 10. Nd2 Qh4 11. Nf3 Qh6 12. g3 Nf6 13. Ne5 Bxe5 14. dxe5 Ng4 15. Bxg4 fxg4 16. Qd4 Be6 17. Rad1 Rf3 18. Rd2 Raf8 19. Ba3 Re8 20. c4 b6 21. Qe4 Bf5 22. Qd4 c5 23. Qd5+ Be6 24. Qb7 Ref8 25. Qxc7 Qg6 26. Qxb6 h5 27. Rd6 Rxf2 28. Rxf2 Qb1+ 29. Kg2 Qe4+ 30. Kg1 Qb1+ 31. Kg2 Qe4+ 32. Kg1 Qxe3 33. Qxc5 Qe1+ 34. Kg2 Qe4+ 35. Kf1 Qb1+ 36. Ke2 Qe4+ 37. Kd2 Bf5 38. Qd5+ Qxd5+ 39. cxd5 1-0

[Event "Medellin Flores op 30th"]
[Site "Medellin"]
[Date "2023.08.04"]
[Round "2"]
[White "Sanchez Manzanares, Jorge Luis"]
[Black "Ruiz Aguilar, Pablo Alexander"]
[Result "0-1"]
[WhiteElo "2017"]
[BlackElo "2178"]
[PlyCount "40"]
[EventDate "2023.08.03"]
[EventType "swiss"]
[EventRounds "9"]
[EventCountry "COL"]
[SourceTitle "CBM 215 Extra"]
[Source "ChessBase"]
[SourceDate "2023.09.30"]
[SourceVersion "1"]
[SourceVersionDate "2023.09.30"]
[SourceQuality "1"]

1. e4 c5 2. Nf3 e6 3. d4 cxd4 4. Nxd4 a6 5. Bd3 Nf6 6. c4 Nc6 7. Nxc6 dxc6 8. 0-0 e5 9. Nc3 Bc5 10. Bg5 h6 11. Bh4 Qe7 12. Na4 Bd4 13. c5 g5 14. Bg3 h5 15. h4 Ng4 16. hxg5 h4 17. Bh2 Qxg5 18. Nb6 Nxh2 19. Nxc8 Rg8 20. Nd6+ Kf8 0-1

[Event "Titled Tuesday intern op 06th Jun Early"]
[Site "Chess.com INT"]
[Date "2023.06.06"]
[Round "3"]
[White "Gavrilov, Maxim"]
[Black "Ruiz Aguilar, Pablo Alexander"]
[Result "1-0"]
[WhiteElo "2179"]
[BlackElo "2227"]
[PlyCount "105"]
[EventDate "2023.06.06"]
[EventType "swiss (blitz)"]
[EventRounds "11"]
[EventCountry "USA"]
[SourceTitle "EXT 2024"]
[Source "ChessBase"]
[SourceDate "2023.10.10"]
[SourceVersion "1"]
[SourceVersionDate "2023.10.10"]
[SourceQuality "1"]

1. d4 d5 2. c4 c6 3. Nc3 Nf6 4. e3 e6 5. Nf3 Bd6 6. Bd3 Nbd7 7. 0-0 0-0 8. e4 dxc4 9. Bxc4 e5 10. h3 Qe7 11. Re1 Rd8 12. Be3 Nf8 13. Qc2 Ng6 14. Ng5 Rf8 15. Rad1 exd4 16. Bxd4 Ne5 17. Bb3 h6 18. Nxf7 Nxf7 19. e5 Re8 20. Qg6 Kf8 21. exd6 Qxe1+ 22. Rxe1 Rxe1+ 23. Kh2 Be6 24. Bxf6 gxf6 25. Qxf6 Bxb3 26. axb3 Rd8 27. Qf5 Rxd6 28. Qc8+ Nd8 29. Ne4 Rdd1 30. Nf6 Ke7 31. Ng8+ Kf7 32. Nxh6+ Kg6 33. Ng4 Ne6 34. Qxb7 Nd4 35. Ne3 Rh1+ 36. Kg3 Ne2+ 37. Kf3 Nd4+ 38. Ke4 Rd2 39. Qd7 c5 40. Qg4+ Kf7 41. Qf4+ Kg8 42. Qg5+ Kf8 43. Qxc5+ Kf7 44. Qd5+ Kg7 45. Nf5+ Nxf5 46. Qxd2 Ne7 47. Qg5+ Kf7 48. b4 Re1+ 49. Kf3 Re6 50. b5 Rf6+ 51. Ke3 Nf5+ 52. Kd3 Nd6 53. Qd5+ 1-0